Complete o Meme - Edição BR - Statistics

Estatísticas Gerais
  • Esse quiz foi jogado 47 vezes
    11 desde o último reset
  • A pontuação média é 4 de 10
Estatísticas das Respostas
Imagem Hint Resposta % Correto
Caneta azul... Azul Caneta
100%
TÁ PEGANDO... Fogo bicho
67%
4+4 = 5 ... Acertou Mizeravi
56%
E TEM O QUE? 8 gramas de proteína
44%
A MORRE... Diabo
44%
Tu ta fora do próximo jogo... Sabia não
44%
Somente uma palavra... BANIDO
22%
Uma palavra de 4 letras... Birl
22%
Ele jogou T O D O S, e essa é a diferença... De um fã pra um fanboy
22%
É... Uai
11%
Nenhum quiz correspondente encontrado
Distribuição das Pontuações
Porcentagem de Pessoas com Cada Pontuação
Percentil de Números Respondidos
Sua Pontuação Histórica
Você não jogou esse quiz desde o último reset